| 000 | 00548cab a2200193 4500 | ||
|---|---|---|---|
| 001 | X94829 | ||
| 008 | 090401t1998 xxu||||| |||| 00| 0 eng d | ||
| 035 | _a(Sirsi) u89466 | ||
| 041 | _aeng | ||
| 245 | _aWellingborough Council v Bailey | ||
| 260 | _c1998 | ||
| 350 | _a0 | ||
| 490 |
_aPlanning Appeal Decisions _v[1998] 13 PAD 633-637(5) |
||
| 520 | _a16 April 1998. Agricultural occupancy condition; costs | ||
| 650 | _aWELLINGBOROUGH COUNCIL V BAILEY | ||
| 690 | _aPLANNING LAW AND PRACTICE-CASE LAW | ||
| 942 | _n0 | ||
| 948 | _c04/11/1998 | ||
| 999 |
_c56605 _d56605 |
||